| 000 | 00860nam a2200253Ia 4500 | ||
|---|---|---|---|
| 003 | OSt | ||
| 005 | 20220926020249.0 | ||
| 006 | a|||||r|||| 00| 0 | ||
| 007 | ta | ||
| 008 | 220923b |||||||| |||| 00| 0 fre d | ||
| 020 |
_a9780415490788 _c1470.8299999999999 |
||
| 037 |
_b10516, 27/01/2012, Elite Publisher Distributors _cGeneral Book |
||
| 040 |
_aRTL _cRTL _bfre |
||
| 041 |
_2fre _afre |
||
| 082 | _aY9(X991(Y:434), Q0 | ||
| 100 | _aHulme David | ||
| 245 | 0 |
_aGlobal Povety _b How global governance is failng the Poor. |
|
| 260 |
_aNew York _bRoutledge _c2010 |
||
| 300 |
_axxx, 246p Bibliography:P.236-237 _ccm. |
||
| 490 | _aRoutledge Global Institutions | ||
| 650 | _aGeography | ||
| 942 |
_hY9(X991(Y:434), Q0 _cGB _2CC |
||
| 999 |
_c633819 _d633819 |
||